Powiaty w Polsce na literę Ś - Statystyki

Ogólne statystyki
  • Ten quiz został rozwiązany 60 razy
  • Średni wynik to 7 z 8
Statystyki odpowiedzi
Odpowiedź % Poprawnych
świdnicki
98%
Świętochłowice
89%
średzki
87%
śremski
85%
Świnoujście
85%
świebodziński
81%
świecki
81%
świdwiński
72%
Nie znaleziono quizów pasujących do podanych kryteriów
Rozkład punktacji
Procent ludzi z każdym wynikiem
Percentyl według liczby udzielonych odpowiedzi
Twoja historia wyników
Nie rozwiązałeś tego quizu